<?xml version="1.0" encoding="UTF-8"?>
<marc:record xmlns:marc="http://www.loc.gov/MARC21/slim">
   <marc:leader>00000nam a2200000 a 4500</marc:leader>
   <marc:datafield ind1="1" ind2=" " tag="100">
      <marc:subfield code="a">Sander, Julia</marc:subfield>
      <marc:subfield code="4">aut</marc:subfield>
      <marc:subfield code="e">Verfasser/-in</marc:subfield>
   </marc:datafield>
   <marc:datafield ind1="0" ind2="0" tag="245">
      <marc:subfield code="a">... eben saß sie noch da hinten</marc:subfield>
   </marc:datafield>
   <marc:datafield ind1="0" ind2="0" tag="245">
      <marc:subfield code="b">Roman</marc:subfield>
   </marc:datafield>
   <marc:datafield ind1="0" ind2="0" tag="245">
      <marc:subfield code="c">Julia Sander</marc:subfield>
   </marc:datafield>
   <marc:datafield ind1=" " ind2="1" tag="264">
      <marc:subfield code="a">Augsburg</marc:subfield>
      <marc:subfield code="b">Weltbild</marc:subfield>
      <marc:subfield code="c">2014</marc:subfield>
   </marc:datafield>
   <marc:datafield ind1="1" ind2=" " tag="490">
      <marc:subfield code="a">Weltbild Premiere</marc:subfield>
   </marc:datafield>
   <marc:datafield ind1="1" ind2=" " tag="520">
      <marc:subfield code="a">Eigentlich wollte Steffi Wächter mit ihrem Mann Günther nur einen ruhigen Urlaub an der Ostsee verbringen, doch als Günther sie bei einem kurzen Stopp an einer Autobahnraststätte einfach vergisst, gerät Steffis heile Welt aus den Fugen. Wie konnte ihrem Mann das passieren? Während sie an der Raststätte vergeblich darauf wartet, dass ihm ihr Verschwinden auffällt, lernt sie ein Frauenquintett kennen, das sich auf &#x84;Pilcher-Reise&#x93; befindet und in Cornwall den Spuren der Autorin und ihrer Bücher folgen will. Kurzerhand beschließt Steffi, die Einladung der fünf Frauen anzunehmen und sie nach England zu begleiten. Es wird eine unvergessliche Reise voller unerwarteter Hindernisse und Abenteuer, bei der Steffi ganz neue Seiten an sich kennenlernt. Aber trotz aller Ablenkung hält sich eine Frage beharrlich in ihrem Hinterkopf: Warum hat sich ihr Mann auch nach Tagen noch immer nicht bei ihr gemeldet?</marc:subfield>
   </marc:datafield>
   <marc:datafield ind1=" " ind2=" " tag="020">
      <marc:subfield code="a">9783863657918</marc:subfield>
      <marc:subfield code="9">9783863657918</marc:subfield>
   </marc:datafield>
   <marc:datafield ind1=" " ind2=" " tag="020">
      <marc:subfield code="a">3863657918</marc:subfield>
      <marc:subfield code="9">3863657918</marc:subfield>
   </marc:datafield>
   <marc:datafield ind1="3" ind2=" " tag="024">
      <marc:subfield code="a">9 783863 657918</marc:subfield>
   </marc:datafield>
   <marc:datafield ind1=" " ind2=" " tag="300">
      <marc:subfield code="a">302 S.</marc:subfield>
   </marc:datafield>
</marc:record>
